=LDR 00000nam 2200000 4500 =001 INLIS000000000000221 =005 20150302093306.0 =006 =007 =008 Ind =035 ##$$0010-061300000000221 =041 ##$$a Ind =082 ##$$a 92(Nitimiharjo) =090 ##$$a 92(Nitimiharjo) Nit k =100 ##$$a Nitimiharjo, hanjoyo =245 ##$$a Kutemukan Tuhan di balik penyakit gagal ginjal / Handjoyo Nitimirjo; penyunting, Iwan Kelana =260 ##$$aJakarta$bPustaka Antara Utama$c1998 =300 ##$$a 130 hlm. ; 21 cm =650 ##$$a Nitimiharjo, Hanjoyo, 1940 =700 ##$$a Kelana, Irwan =850 ##$$a NBPNMAT